Văn kiện đại hội đại biểu toàn quốc lần XII

Na minha lista:
Detalhes bibliográficos
Formato: Livro
Publicado em: Hà Nội Chính trị Quốc gia- Sự thật 2016
Assuntos:
Tags: Adicionar Tag
Sem tags, seja o primeiro a adicionar uma tag!
Thư viện lưu trữ: Trung tâm Học liệu Lê Vũ Hùng, Trường Đại học Đồng Tháp
LEADER 00946pam a22002538a 4500
001 00034737
005 20171122091138.0
008 161019s2016 ||||||Viesd
020 # # |a 978 604 57 2358 6  |c 55000 
041 0 # |a Vie 
082 1 4 |a 324. 259 707 5  |b V115K 
245 1 0 |a Văn kiện đại hội đại biểu toàn quốc lần XII 
260 # # |a Hà Nội  |b Chính trị Quốc gia- Sự thật  |c 2016 
300 # # |a 447 tr.  |c 19 cm. 
500 # # |a ĐTTS; Đảng Cộng Sản Việt Nam 
653 # # |a Văn kiện 
653 # # |a Đảng Cộng Sản Việt Nam 
653 # # |a Đại hội đại biểu toàn quốc 
653 # # |a Đại hội XII 
852 # # |j KM.0019253  |j KD.0018600  |j KM.0023316  |j KM.0023315 
852 # # |b Kho đọc  |j KD.0018600 
852 # # |b Kho mượn  |j KM.0019253 
910 |d 19/10/2016 
980 # # |a Trung tâm Học liệu Lê Vũ Hùng, Trường Đại học Đồng Tháp